000 00324cam a22001217a 4500
008 180718b1972 xxu||||| |||| 00| 0 eng d
082 _aR7803x54 Si64
100 _aSingh,Shambhu Dayal
245 _aThe law of arbitration
_cBy Shambhu Dayal Singh
250 _a6th
260 _aLucknow
_bEastern
_c1972
300 _axliv, 757p
999 _c411584
_d411584